Problémy Európskej únie a ich riešenie bakalárska práca

Uložené v:
Podrobná bibliografia
Hlavný autor: Valigová, Lenka
Korporativný autor: Podnikovohospodárska fakulta EU so sídlom v Košiciach. Katedra ekonómie
Ďalší autori: Farkašovská, Mária
Médium: Kniha
Jazyk:Slovak
Vydavateľské údaje: Košice 2011
Tagy: Pridať tag
Žiadne tagy, Buďte prvý, kto otaguje tento záznam!

MARC

LEADER 00000nbm a2200000 4500
001 0139402
005 20240827092907.5
041 0 |a slo 
044 |a SK 
245 1 0 |a Problémy Európskej únie a ich riešenie  |b bakalárska práca  |c Lenka Valigová ; školiteľ: Mária Farkašovská 
264 1 |a Košice  |c 2011 
300 |a 54 s. 
100 1 |a Valigová, Lenka 
700 1 |a Farkašovská, Mária 
710 2 |a Podnikovohospodárska fakulta EU so sídlom v Košiciach. Katedra ekonómie